La Nueva Biblia Latinoamerica

Salvato in:
Dettagli Bibliografici
Natura: Libro
Lingua:Spanish
Pubblicazione: Madrid, España Ediciones Paulinas 1972
Edizione:45
Soggetti:
Tags: Aggiungi Tag
Nessun Tag, puoi essere il primo ad aggiungerne!!

MARC

LEADER 00000nam a2200000Ia 4500
008 170316s9999 xx 000 0 spa d
040 |a cru BVZT 
090 |a 230 N-1.1n 
245 |a La Nueva Biblia Latinoamerica 
250 |a 45 
260 |a Madrid, España 
260 |b Ediciones Paulinas 
260 |c 1972 
300 |a 471 páginas 
650 |a TEOLOGÍA 
650 |a LA BIBLIA 
999 |c 18042  |d 18042 
942 |c LIB  |h 230 N-1.1n  |2 z